|
|
|
|
| LEADER |
00000nam0a2200000 4500 |
| 001 |
264956 |
| 005 |
20231101233858.0 |
| 020 |
|
|
|a RU
|b 88-48278ж
|
| 035 |
|
|
|a (RuTPU)RU\TPU\book\287954
|
| 090 |
|
|
|a 264956
|
| 100 |
|
|
|a 20140623d1988 k y0rusy5003 ca
|
| 101 |
0 |
|
|a rus
|
| 102 |
|
|
|a RU
|
| 105 |
|
|
|a a z 001zy
|
| 200 |
1 |
|
|a Добыча, сбор и подготовка нефти и газа на месторождениях Западной Туркмении
|f Туркменский Государственный научно-исследовательский и проектный институт нефтяной промышленности ; под ред. Р. Х. Карачурина
|
| 210 |
|
|
|a Грозный
|c Изд-во СевкавНИПИнефть
|d 1988
|
| 215 |
|
|
|a 77 с.
|c ил.
|
| 225 |
1 |
|
|a Труды Туркменского Государственного научно-исследовательского и проектного института нефтяной промышленности (ТуркменНИПИнефть)
|v Вып. 27
|
| 320 |
|
|
|a Библиогр. в конце ст.
|
| 606 |
1 |
|
|a Нефтедобыча
|2 stltpush
|3 (RuTPU)RU\TPU\subj\42136
|
| 610 |
1 |
|
|a Туркмения
|
| 610 |
1 |
|
|a газы природные
|
| 610 |
1 |
|
|a нефть
|
| 610 |
1 |
|
|a горючие газы
|
| 610 |
1 |
|
|a сбор
|
| 610 |
1 |
|
|a хранение
|
| 675 |
|
|
|a 622.276
|v 3
|
| 702 |
|
1 |
|a Карачурин
|b Р. Х.
|4 340
|
| 712 |
0 |
2 |
|a Туркменский Государственный научно-исследовательский и проектный институт нефтяной промышленности
|2 stltpush
|3 (RuTPU)RU\TPU\col\1286
|9 23540
|
| 801 |
|
0 |
|a RU
|b RuMRKP
|c 19950417
|g psbo
|
| 801 |
|
1 |
|a RU
|b 63413507
|c 20140623
|
| 801 |
|
2 |
|a RU
|b 63413507
|c 20160418
|g RCR
|
| 942 |
|
|
|c BK
|